Les niveaux features de klafterno - Statistiques

Statistiques générales
  • Ce quiz a été pris 11 fois
  • Le résultat moyen est 9 sur 15
Statistiques - réponses
Hint Réponse % Correct
10* ByTe
100%
2* Lisa
90%
10* Subside
90%
10* SuperByTe
90%
10* theory of Furious
80%
6* Amity
60%
4* Love Is Gone
60%
3* Luminous
60%
5* Eternity
50%
5* Presence
50%
6* Azur
40%
4* Fluorescent Caverns
40%
4* Glaring
40%
7* Presence 2
40%
6* Interfeel
30%
Aucun quiz correspondant
Distribution des résultats
% des personnes avec chaque résultat
Percentile par nombre de réponses
Votre historique - résultats
Vous n’avez pas pris ce quiz